| 000 | 01221nam a2200313Ia 4500 | ||
|---|---|---|---|
| 001 | ebr10053326 | ||
| 003 | CaPaEBR | ||
| 006 | m u | ||
| 007 | cr cn||||||||| | ||
| 008 | 040624s2002 nyua gsb 001 0 eng d | ||
| 020 | _z0306475979 | ||
| 040 |
_aCaPaEBR _cCaPaEBR |
||
| 035 | _a(OCoLC)70742580 | ||
| 050 | 1 | 4 |
_aQD474 _b.K82 2002eb |
| 100 | 1 |
_aKubas, Gregory J., _d1945- |
|
| 245 | 1 | 0 |
_aMetal dihydrogen and [sigma]-bond complexes _h[electronic resource] : _bstructure, theory and reactivity / _cGregory J. Kubas. |
| 260 |
_aNew York : _bKluwer Academic, _cc2002. |
||
| 300 |
_axvi, 472 p. : _bill. |
||
| 490 | 1 | _aModern inorganic chemistry | |
| 504 | _aIncludes bibliographical references and index. | ||
| 533 |
_aElectronic reproduction. _bPalo Alto, Calif. : _cebrary, _d2009. _nAvailable via World Wide Web. _nAccess may be limited to ebrary affiliated libraries. |
||
| 650 | 0 | _aMetal complexes. | |
| 650 | 0 | _aHydrogen. | |
| 650 | 0 | _aChemical bonds. | |
| 655 | 7 |
_aElectronic books. _2local |
|
| 710 | 2 | _aebrary, Inc. | |
| 830 | 0 | _aModern inorganic chemistry. | |
| 856 | 4 | 0 |
_uhttp://site.ebrary.com/lib/rucke/Doc?id=10053326 _zAn electronic book accessible through the World Wide Web; click to view |
| 999 |
_c66211 _d66211 |
||